MARC details
| 000 -CABECERA |
| campo de control de longitud fija |
01106nam a2200241 a 4500 |
| 005 - FECHA Y HORA DE LA ÚLTIMA TRANSACCIÓN |
| campo de control |
20210219160338.0 |
| 008 - ELEMENTOS DE LONGITUD FIJA--INFORMACIÓN GENERAL |
| campo de control de longitud fija |
081013s1995 mx r 000 0 spa d |
| 035 ## - NÚMERO DE CONTROL DEL SISTEMA |
| Número de control de sistema |
UPN01000163450 |
| 049 ## - COLECCIÓN |
| Colección |
UNE |
| 080 ## - NÚMERO DE CLASIFICACIÓN DECIMAL UNIVERSAL |
| Número de la Clasificación Decimal Universal |
376.74 (100) =40 CAE No.35 |
| 100 1# - ASIENTO PRINCIPAL--NOMBRE PERSONAL |
| Nombre de persona |
Caens- Martin, S. |
| 245 10 - MENCIÓN DE TÍTULO |
| Título |
Démarche de recherche pour l'analyse d'une pratique ordinaire que l'on souhaite faire évoluer : |
| Resto del título |
L'exemple d'une étude exploratoire des conceptions et des savoirs-faire qui président à l'activité d'irrigation / |
| Mención de responsabilidad, etc. |
S. Caens-Martin. |
| 260 ## - PUBLICACIÓN, DISTRIBUCIÓN, ETC. |
| Lugar de publicación, distribución, etc. |
Paris : |
| Nombre del editor, distribuidor, etc. |
UNESCO; |
| Lugar de publicación, distribución, etc. |
Geneve : |
| Nombre del editor, distribuidor, etc. |
BIE, |
| Fecha de publicación, distribución, etc. |
1995. |
| 300 ## - DESCRIPCIÓN FÍSICA |
| Extensión |
22 p. |
| 440 #0 - MENCIÓN DE SERIE/ASIENTO SECUNDARIO--TÍTULO |
| Título |
Documents sur la formation des maitres et l'éducation multi- |
| 500 ## - NOTA GENERAL |
| Nota general |
Incluye bibliografía |
| 690 ## - PUNTO DE ACCESO ADICIONAL DE MATERIA LOCAL--TÉRMINO DE MATERIA (OCLC, RLIN) |
| Término de materia o nombre geográfico como elemento inicial |
Formacion de docentes- Multiculturalismo |
| 690 ## - PUNTO DE ACCESO ADICIONAL DE MATERIA LOCAL--TÉRMINO DE MATERIA (OCLC, RLIN) |
| Término de materia o nombre geográfico como elemento inicial |
Educacion intercultural- Formacion de docentes |
| 710 2# - ASIENTO SECUNDARIO - NOMBRE CORPORATIVO |
| Nombre de entidad corporativa o nombre de jurisdicción como elemento de entrada |
UNESCO |
| 710 2# - ASIENTO SECUNDARIO - NOMBRE CORPORATIVO |
| Nombre de entidad corporativa o nombre de jurisdicción como elemento de entrada |
OIE. Oficina Internacional de Educación |
| 710 2# - ASIENTO SECUNDARIO - NOMBRE CORPORATIVO |
| Nombre de entidad corporativa o nombre de jurisdicción como elemento de entrada |
Project "Basic Education for participation and Democracy : Key Issues in Human Resources Development" (Teachers and Multicultural/Intercultural Education) |
| 905 ## - TIPO DE MATERIAL |
| Tipo de material |
UNESCO |